000
00318nam a2200121Ia 4500
008
220204s9999 xx 000 0 und d
082
_a
595.132:578.85/.86
_b
LAM
100
_a
LAMBERTI, F
245
0
_a
Nematode vectors of plant viruses.
260
_a
New York
_b
Plenum
_c
1974
650
_a
Nematode vectors
942
_c
BK
999
_c
33375
_d
33375